21st Century Red States - Sudden Death - Statistics

General Stats
  • This quiz has been taken 112 times
  • The average score is 7 of 20
Answers on the Grid
Answers color-coded by a green-red scale on the quiz's grid according to % correct below.
Alabama
Alaska
Arizona
Arkansas
California
Colorado
Connecticut
Delaware
D.C.
Florida
Georgia
Hawaii
Idaho
Illinois
Indiana
Iowa
Kansas
Kentucky
Louisiana
Maine
Maryland
Massachusetts
Michigan
Minnesota
Mississippi
Missouri
Montana
Nebraska
Nevada
New Hampshire
New Jersey
New Mexico
New York
North Carolina
North Dakota
Ohio
Oklahoma
Oregon
Pennsylvania
Rhode Island
South Carolina
South Dakota
Tennessee
Texas
Utah
Vermont
Virginia
Washington
West Virginia
Wisconsin
Wyoming
 
Answer Stats
Answer % Correct
Alabama
75%
Alaska
58%
Arkansas
42%
Idaho
36%
Oklahoma
34%
Texas
34%
West Virginia
34%
Kansas
32%
South Carolina
32%
Tennessee
32%
Louisiana
30%
Mississippi
30%
North Dakota
30%
Wyoming
30%
South Dakota
28%
Kentucky
26%
Montana
26%
Utah
26%
Missouri
25%
Nebraska
23%
No matching quizzes found
Score Distribution
Percent of People with Each Score
Percentile by Number Answered
Your Score History
You have not taken this quiz